[Event "Debreceni evzaro A"]
[Site "?"]
[Date "2011.12.27"]
[Round "7.4"]
[White "Dombi-Marias, Rudolf"]
[Black "Ats, Laszlo Gyorgy"]
[Result "1-0"]
[WhiteElo "1986"]
[BlackElo "2073"]
[PlyCount "77"]
[EventDate "2011.??.??"]

1. e4 d5 2. exd5 Nf6 3. Bb5+ Bd7 4. Bc4 b5 5. Bb3 Bg4 6. f3 Bf5 7. Ne2 Nxd5 8.
Nd4 Qd7 9. Nxf5 Qxf5 10. Bxd5 Qxd5 11. Nc3 Qe5+ 12. Qe2 Qxe2+ 13. Nxe2 e5 14.
d4 Nc6 15. dxe5 Nxe5 16. Bf4 Bd6 17. O-O-O O-O-O 18. Rd5 c6 19. Rxd6 Rxd6 20.
Bxe5 Re6 21. f4 f6 22. Nd4 Ree8 23. Bd6 Kd7 24. Bc5 Re4 25. Rd1 Kc7 26. a4 a6
27. a5 Rhe8 28. Nf5 Re1 29. Bb6+ Kb8 30. Nxg7 Rxd1+ 31. Kxd1 Rg8 32. Nh5 Rxg2
33. Nxf6 Rxh2 34. Nd7+ Kc8 35. Nc5 Rf2 36. Nxa6 Rxf4 37. Nc5 h5 38. a6 Kb8 39.
Bc7+ 1-0

[Event "Debreceni evzaro A"]
[Site "?"]
[Date "2011.12.27"]
[Round "7.5"]
[White "Erdei, Lajos Jr"]
[Black "Toth, Tamas"]
[Result "0-1"]
[WhiteElo "1890"]
[BlackElo "1752"]
[PlyCount "62"]
[EventDate "2011.??.??"]

1. e4 c5 2. Nc3 d6 3. Nf3 Nf6 4. d4 cxd4 5. Nxd4 g6 6. Be3 Bg7 7. Qd2 Nc6 8. f3
O-O 9. O-O-O d5 10. Nxc6 bxc6 11. exd5 cxd5 12. Nxd5 Nxd5 13. Qxd5 Qc7 14. Qc5
Qb7 15. Bd4 Bf5 16. Qa3 Rfc8 17. c3 Bh6+ 18. Rd2 Bxd2+ 19. Kxd2 Qd7 20. Ke1 Rd8
21. Be2 e5 22. Be3 Bd3 23. Rf1 Bxe2 24. Kxe2 Qd3+ 25. Kf2 Qc2+ 26. Kg3 Qe2 27.
Bh6 Qxf1 28. Qe7 Qa6 29. Qxe5 f6 30. Qc7 Qd6+ 31. Bf4 Qxc7 0-1

[Event "Debreceni evzaro A"]
[Site "?"]
[Date "2011.12.27"]
[Round "7.7"]
[White "Hercz, Richard"]
[Black "Adorjan, Attila"]
[Result "1/2-1/2"]
[WhiteElo "1791"]
[BlackElo "1989"]
[PlyCount "85"]
[EventDate "2011.??.??"]

1. e4 c6 2. d4 d5 3. e5 Bf5 4. Bd3 Bxd3 5. Qxd3 e6 6. Nf3 Qa5+ 7. c3 Qa6 8.
Qxa6 Nxa6 9. Be3 Ne7 10. Nbd2 Nf5 11. Bf4 c5 12. Nb3 cxd4 13. Nbxd4 Nxd4 14.
Nxd4 Nc5 15. Ke2 Rc8 16. f3 Na4 17. Rab1 Bc5 18. Rhc1 Bxd4 19. cxd4 Kd7 20.
Rxc8 Rxc8 21. Kd2 a6 22. b3 Nc3 23. Rb2 Nb5 24. Be3 Na3 25. g4 b5 26. Kd3 b4
27. Bd2 a5 28. h3 Nb5 29. h4 Ke7 30. g5 f6 31. f4 Kf7 32. h5 fxg5 33. fxg5 Na3
34. Be1 Rc1 35. Rf2+ Kg8 36. Bd2 Rg1 37. h6 Nb1 38. Be3 gxh6 39. gxh6 Nc3 40.
Rf6 Rg6 41. Rf2 Nd1 42. Rc2 Nc3 43. Rf2 1/2-1/2

[Event "Debreceni evzaro A"]
[Site "?"]
[Date "2011.12.27"]
[Round "7.8"]
[White "Magi, Tibor"]
[Black "Baranyai, Antal"]
[Result "1/2-1/2"]
[WhiteElo "1905"]
[BlackElo "1661"]
[PlyCount "25"]
[EventDate "2011.??.??"]

1. d4 d5 2. Nf3 Nf6 3. Nbd2 Bf5 4. h3 h6 5. g4 Bg6 6. Ne5 Bh7 7. f3 Nbd7 8.
Nxd7 Qxd7 9. Bg2 e6 10. e4 dxe4 11. Nxe4 O-O-O 12. c3 Bd6 13. O-O 1/2-1/2

[Event "debreceni Evzaro for U1800 B"]
[Site "?"]
[Date "2011.12.27"]
[Round "1.1"]
[White "Szabo, Mate"]
[Black "Jakab, Kincso"]
[Result "1-0"]
[WhiteElo "1794"]
[BlackElo "1579"]
[PlyCount "69"]
[Az esemény dátuma "2011.12.27"]

1. d4 d5 2. c4 e6 3. Nc3 Nf6 4. e3 Be7 5. Nf3 O-O 6. cxd5 exd5 7. Be2 Bf5 8.
Qb3 b6 9. Ne5 a6 10. O-O Qd6 11. f4 Nc6 12. Bf3 Rad8 13. Nxd5 Nxd5 14. Qxd5
Nxe5 15. Qxe5 Qxe5 16. fxe5 Be6 17. Bd2 c5 18. Bc3 Bd5 19. Bxd5 Rxd5 20. e4 Rd7
21. d5 b5 22. b3 Rc8 23. Rf3 c4 24. Raf1 cxb3 25. axb3 Bc5+ 26. Kh1 b4 27. Be1
a5 28. Bg3 Bd4 29. e6 fxe6 30. dxe6 Ra7 31. Bd6 h6 32. Rf8+ Rxf8 33. Rxf8+ Kh7
34. e7 Ra6 35. e8=Q 1-0

[Event "debreceni Evzaro for U1800 B"]
[Site "?"]
[Date "2011.12.27"]
[Round "1.2"]
[White "Gyorffy, Peter Pal"]
[Black "Barla, Janos"]
[Result "1-0"]
[WhiteElo "1575"]
[BlackElo "1772"]
[PlyCount "77"]
[Az esemény dátuma "2011.12.27"]

1. e4 Nf6 2. e5 Ne4 3. d4 h6 4. Bd3 Ng5 5. Bxg5 hxg5 6. Qg4 e6 7. Nf3 Be7 8.
Nbd2 Nc6 9. c3 d5 10. O-O-O f5 11. exf6 Bxf6 12. Bg6+ Kf8 13. Qg3 Ne7 14. Bc2
Nf5 15. Bxf5 exf5 16. Ne5 Rh6 17. Rde1 b5 18. Qd3 a6 19. Nb3 Qd6 20. Nc5 Rb8
21. b4 c6 22. Qg3 f4 23. Qd3 Bd8 24. Qe2 Be6 25. Ng4 Bf7 26. Nxh6 gxh6 27. Qe5
Qxe5 28. Rxe5 Kg8 29. Kb2 Bf6 30. Re2 Ra8 31. Rhe1 a5 32. a3 h5 33. Nd7 Bd8 34.
g3 fxg3 35. fxg3 Kg7 36. Nc5 Bf6 37. Rf2 Bg6 38. Ne6+ Kf7 39. Ref1 1-0

[Event "debreceni Evzaro for U1800 B"]
[Site "?"]
[Date "2011.12.27"]
[Round "1.3"]
[White "Simon, Lili"]
[Black "Konya, Istvan"]
[Result "1-0"]
[WhiteElo "1752"]
[BlackElo "1465"]
[PlyCount "65"]
[Az esemény dátuma "2011.12.27"]

1. e4 g6 2. d4 c5 3. Nf3 Bg7 4. Nc3 cxd4 5. Nxd4 e5 6. Ndb5 a6 7. Nd6+ Kf8 8.
Qd5 Qf6 9. Nxc8 Nc6 10. Nb6 d6 11. Nd7+ Ke8 12. Nxf6+ Nxf6 13. Qd1 Rd8 14. Be2
h5 15. Bg5 Rd7 16. Bxf6 Bxf6 17. Nd5 Bd8 18. Qd3 Kf8 19. Qe3 Nd4 20. Bd3 b5 21.
c3 Ne6 22. Nb4 Nf4 23. Qf3 Kg7 24. h4 Rf8 25. g3 Nxd3+ 26. Qxd3 f5 27. f3 fxe4
28. fxe4 Rf6 29. O-O-O Bb6 30. Nd5 Bd8 31. Nxf6 Bxf6 32. Qxd6 Rxd6 33. Rxd6 1-0

[Event "debreceni Evzaro for U1800 B"]
[Site "?"]
[Date "2011.12.27"]
[Round "2.1"]
[White "Gerda, Emil"]
[Black "Szabo, Mate"]
[Result "0-1"]
[WhiteElo "1656"]
[BlackElo "1794"]
[PlyCount "74"]
[Az esemény dátuma "2011.12.27"]

1. d4 Nf6 2. Nf3 e6 3. Bf4 d5 4. e3 c5 5. c3 cxd4 6. exd4 Be7 7. Bd3 O-O 8. O-O
Ne4 9. Qc2 f5 10. Bxb8 Rxb8 11. Ne5 Bf6 12. Bxe4 dxe4 13. f4 Bxe5 14. fxe5 Qg5
15. Nd2 Bd7 16. Rae1 Bc6 17. Nb3 b6 18. Qe2 f4 19. Rf2 e3 20. Rf3 Bxf3 21. Qxf3
Rf5 22. Nc1 Qh4 23. Re2 Rh5 24. h3 Rg5 25. Kh2 Rg3 26. Qc6 f3 27. Qxe6+ Kh8 28.
gxf3 Rxf3 29. Qg4 Rf2+ 30. Kg1 Qxg4+ 31. hxg4 Rbf8 32. Rxf2 Rxf2 33. b3 Rc2 34.
Nd3 Rxc3 35. e6 Kg8 36. Nf4 g5 37. Nd5 Rc1+ 0-1

[Event "debreceni Evzaro for U1800 B"]
[Site "?"]
[Date "2011.12.27"]
[Round "2.2"]
[White "Szanto, Imre"]
[Black "Simon, Lili"]
[Result "1/2-1/2"]
[WhiteElo "1635"]
[BlackElo "1752"]
[PlyCount "63"]
[Az esemény dátuma "2011.12.27"]

1. e4 e5 2. Nf3 Nc6 3. c3 Nge7 4. d4 exd4 5. cxd4 d5 6. e5 Bg4 7. Bb5 a6 8.
Bxc6+ Nxc6 9. Be3 Be7 10. Nbd2 O-O 11. O-O Bf5 12. Nb3 Qd7 13. Nc5 Bxc5 14.
dxc5 Ne7 15. Qd2 c6 16. Nh4 Rfe8 17. Bd4 Be6 18. Qg5 h6 19. Qg3 Nf5 20. Nxf5
Bxf5 21. Qxg7+ Kxg7 22. e6+ f6 23. exd7 Bxd7 24. Rfe1 Kf7 25. Re3 Rxe3 26. fxe3
Rg8 27. g3 Bh3 28. Re1 h5 29. Re2 Rg6 30. Rf2 Ke6 31. Rf4 Bf5 32. Kf2 1/2-1/2

[Event "debreceni Evzaro for U1800 B"]
[Site "?"]
[Date "2011.12.27"]
[Round "2.3"]
[White "Jakab, Zsolt"]
[Black "Gyorffy, Peter Pal"]
[Result "1/2-1/2"]
[WhiteElo "1743"]
[BlackElo "1575"]
[PlyCount "50"]
[Az esemény dátuma "2011.12.27"]

1. d4 g6 2. c4 Bg7 3. Nf3 c5 4. Nc3 cxd4 5. Nxd4 Nc6 6. e3 Nxd4 7. exd4 d6 8.
g3 e6 9. Bg2 Qb6 10. Ne2 Qb4+ 11. Qd2 Qxc4 12. O-O Ne7 13. b3 Qc7 14. Ba3 O-O
15. Rac1 Qb6 16. Qf4 Nf5 17. Rc4 Rd8 18. Qg5 h6 19. Qd2 a5 20. Rfc1 Bd7 21. g4
Nh4 22. Bh1 Rac8 23. Qf4 Rxc4 24. bxc4 Bc6 25. d5 exd5 1/2-1/2

[Event "debreceni Evzaro for U1800 B"]
[Site "?"]
[Date "2011.12.27"]
[Round "2.5"]
[White "Lovas, David"]
[Black "Barla, Janos"]
[Result "1-0"]
[WhiteElo "1734"]
[BlackElo "1772"]
[PlyCount "123"]
[Az esemény dátuma "2011.12.27"]

1. e4 Nf6 2. Nc3 d6 3. d4 g6 4. Nf3 Bg7 5. Be3 O-O 6. Be2 a6 7. O-O Nbd7 8. Qd2
Re8 9. Rfd1 b5 10. a3 Nb6 11. Rab1 Bb7 12. Bd3 Nc4 13. Bxc4 bxc4 14. d5 Ng4 15.
h3 Nxe3 16. Qxe3 e5 17. Nd2 Bc8 18. Nxc4 f5 19. f3 f4 20. Qf2 Qg5 21. Kf1 Bd7
22. a4 Bf6 23. Ke2 Qh6 24. b3 Reb8 25. Rh1 Bh4 26. Qg1 Rb4 27. Na2 Rbb8 28. c3
Qg5 29. Nd2 Rb7 30. c4 Rab8 31. Nc3 Qd8 32. Qh2 c5 33. dxc6 Bxc6 34. Rhd1 Qa5
35. Rdc1 Qc5 36. Qg1 Qa5 37. Nd5 Qd8 38. c5 Qg5 39. cxd6 Bxd5 40. exd5 Rd7 41.
Ne4 Qd8 42. Rc6 Qa5 43. Qd1 Qb4 44. Nc5 Ra7 45. Nxa6 Rxa6 46. Rxa6 Qc5 47. Kd3
Rb4 48. Qc1 Qd4+ 49. Kc2 Rb8 50. Qd2 Qc5+ 51. Kb2 Bf6 52. d7 Bg7 53. Rc6 Qf8
54. Rbc1 e4+ 55. Ka2 e3 56. Qe1 Rd8 57. Rc8 Bf6 58. a5 Kg7 59. a6 Qd6 60. Qa5
Qe5 61. Qa3 Rxd7 62. Qf8# 1-0

[Event "debreceni Evzaro for U1800 B"]
[Site "?"]
[Date "2011.12.27"]
[Round "3.1"]
[White "Szabo, Mate"]
[Black "Jakab, Benjamin"]
[Result "0-1"]
[WhiteElo "1794"]
[BlackElo "1736"]
[PlyCount "70"]
[Az esemény dátuma "2011.12.27"]

1. d4 Nf6 2. c4 g6 3. Nc3 Bg7 4. e4 d6 5. f4 O-O 6. Nf3 Nbd7 7. Bd3 c6 8. O-O
Qc7 9. f5 e5 10. Be3 Ng4 11. Qd2 Nxe3 12. Qxe3 exd4 13. Nxd4 Qb6 14. Nce2 Qxb2
15. Rab1 Qa3 16. Kh1 Qc5 17. g4 Ne5 18. Qh3 Nxg4 19. Qxg4 Bxd4 20. Nxd4 Qxd4
21. Qf4 Qxd3 22. Rb3 Qd4 23. f6 Kh8 24. Rg3 Qxc4 25. Rfg1 Bf5 26. Re1 d5 27.
Rge3 dxe4 28. h4 Qe6 29. Qg5 Rad8 30. h5 Rd6 31. Qh6 Rg8 32. hxg6 fxg6 33. Rb3
b6 34. Rf3 Qxf6 35. Rxe4 Bxe4 0-1

[Event "debreceni Evzaro for U1800 B"]
[Site "?"]
[Date "2011.12.27"]
[Round "3.2"]
[White "Simon, Lili"]
[Black "Lovas, David"]
[Result "0-1"]
[WhiteElo "1752"]
[BlackElo "1734"]
[PlyCount "178"]
[Az esemény dátuma "2011.12.27"]

1. e4 e5 2. Nf3 Nc6 3. d4 exd4 4. Nxd4 Bc5 5. Be3 Qf6 6. c3 d6 7. g3 Nge7 8.
Bg2 Bxd4 9. cxd4 O-O 10. O-O Rd8 11. Qd2 h6 12. Nc3 a6 13. Rac1 Na7 14. f4 c6
15. Qf2 d5 16. e5 Qe6 17. Na4 Qg6 18. Nb6 Rb8 19. Nxc8 Rdxc8 20. f5 Qh5 21. h3
f6 22. e6 Rf8 23. Bf4 Ra8 24. Bd2 Nb5 25. a4 Na7 26. Bb4 Qe8 27. Qe3 Qd8 28.
Qf3 Nac8 29. Qh5 Qb6 30. Bc5 Qa5 31. b3 b6 32. Bxe7 Nxe7 33. Qf3 b5 34. axb5
axb5 35. Qd1 Qb4 36. Qd3 Ra2 37. Rf2 Rfa8 38. Qc3 Qxc3 39. Rxc3 Rxf2 40. Kxf2
Ra2+ 41. Kf1 Rd2 42. g4 Kf8 43. Bf3 Rxd4 44. Ke2 Rb4 45. Kd2 Ke8 46. Rd3 Kd8
47. Bd1 Kc7 48. Ke3 Kd6 49. Rd4 Rxd4 50. Kxd4 c5+ 51. Kc3 Nc6 52. Be2 b4+ 53.
Kd3 Ne5+ 54. Kc2 Nc6 55. Kd3 Kc7 56. Kd2 Kb6 57. Bf3 Ne7 58. Be2 Nc8 59. Kc2
Nd6 60. Kd3 Kc6 61. Bf3 Nb5 62. h4 Nd4 63. Bd1 Kd6 64. h5 Nc6 65. Be2 Na5 66.
Bd1 c4+ 67. bxc4 dxc4+ 68. Kd4 b3 69. Kc3 Kc7 70. Kb4 Nc6+ 71. Kxc4 b2 72. Bc2
Ne5+ 73. Kb3 Nxg4 74. Kxb2 Ne3 75. Bd3 Nd5 76. Kb3 Kd6 77. Kc4 Nf4 78. Kd4 Nxh5
79. Ke4 g6 80. fxg6 Kxe6 81. Bc4+ Ke7 82. Kf5 Ng7+ 83. Kg4 f5+ 84. Kh4 Kf6 85.
Bf7 Ke5 86. Kg3 h5 87. Kf3 h4 88. Bc4 Kf6 89. Bf7 Kg5 0-1

[Event "debreceni Evzaro for U1800 B"]
[Site "?"]
[Date "2011.12.27"]
[Round "3.4"]
[White "Gyorffy, Peter Pal"]
[Black "Szanto, Imre"]
[Result "1/2-1/2"]
[WhiteElo "1575"]
[BlackElo "1635"]
[PlyCount "46"]
[Az esemény dátuma "2011.12.27"]

1. e4 e6 2. d4 d5 3. exd5 exd5 4. Nf3 Bg4 5. Be2 Nc6 6. h3 Bh5 7. Bf4 Bd6 8.
Bxd6 Qxd6 9. c3 Nge7 10. Nbd2 O-O 11. O-O Bxf3 12. Bxf3 Ng6 13. Qb3 Rfd8 14.
Qc2 Nce7 15. Nb3 Rab8 16. Rae1 Re8 17. Re3 c6 18. Rfe1 Nf4 19. Nc1 Qg6 20. Qxg6
Nfxg6 21. Nd3 Kf8 22. Nc5 Red8 23. Bg4 Kg8 1/2-1/2

[Event "debreceni Evzaro for U1800 B"]
[Site "?"]
[Date "2011.12.27"]
[Round "3.9"]
[White "Barla, Janos"]
[Black "Jakab, Kincso"]
[Result "1-0"]
[WhiteElo "1772"]
[BlackElo "1579"]
[PlyCount "71"]
[Az esemény dátuma "2011.12.27"]

1. e4 c5 2. f4 d6 3. Nf3 Nf6 4. Nc3 g6 5. Bc4 Bg7 6. O-O O-O 7. Kh1 Nc6 8. a3
a6 9. d3 b5 10. Ba2 Bb7 11. Qe1 b4 12. axb4 Nxb4 13. Bb3 Qc7 14. h3 e6 15. Qf2
Nd7 16. Ng5 Rae8 17. Be3 h6 18. Nf3 Kh7 19. Rad1 Nc6 20. Na4 Na5 21. Ba2 Bc6
22. Nc3 Rb8 23. Rb1 Bxc3 24. bxc3 Rxb1 25. Rxb1 Rb8 26. Rxb8 Qxb8 27. Bc1 Ba4
28. f5 Qe8 29. Qh4 Qf8 30. Ng5+ Kg8 31. fxg6 fxg6 32. Bxe6+ Kg7 33. Nf3 Kh7 34.
Ng5+ Kg7 35. Nf7 Kh7 36. Bxh6 1-0

[Event "debreceni Evzaro for U1800 B"]
[Site "?"]
[Date "2011.12.27"]
[Round "4.1"]
[White "Jakab, Benjamin"]
[Black "Lovas, David"]
[Result "1/2-1/2"]
[WhiteElo "1736"]
[BlackElo "1734"]
[PlyCount "67"]
[Az esemény dátuma "2011.12.27"]

1. d4 d5 2. Nf3 c6 3. c4 Nf6 4. Qb3 dxc4 5. Qxc4 b5 6. Qc2 e6 7. Nc3 Bb7 8. Bg5
Be7 9. e4 Qa5 10. Bd2 b4 11. Nd1 c5 12. Bd3 Qb6 13. dxc5 Qxc5 14. Qxc5 Bxc5 15.
e5 Nfd7 16. O-O a5 17. Rc1 O-O 18. Bf4 Bxf3 19. gxf3 Nc6 20. Ne3 Bxe3 21. fxe3
Ndxe5 22. Be4 Ra6 23. Rc5 f5 24. Bxe5 fxe4 25. fxe4 Nxe5 26. Rxe5 Rd8 27. Rc5
h6 28. Kg2 Rd2+ 29. Rf2 Rxf2+ 30. Kxf2 Kf7 31. e5 Ra8 32. Kg3 Kg6 33. e4 Ra6
34. Kf4 1/2-1/2

[Event "debreceni Evzaro for U1800 B"]
[Site "?"]
[Date "2011.12.27"]
[Round "4.2"]
[White "Konya, Istvan"]
[Black "Szabo, Mate"]
[Result "1-0"]
[WhiteElo "1465"]
[BlackElo "1794"]
[PlyCount "79"]
[Az esemény dátuma "2011.12.27"]

1. e4 c5 2. Bc4 e6 3. Nf3 d5 4. exd5 exd5 5. Be2 Nf6 6. d3 Be7 7. O-O O-O 8. c3
Be6 9. Re1 Nc6 10. Ng5 Qd6 11. Nxe6 fxe6 12. Na3 a6 13. Bg5 e5 14. Nc2 Bd8 15.
Bh4 e4 16. Bg3 Qd7 17. d4 cxd4 18. cxd4 Bb6 19. Bf4 Ne7 20. Ne3 Ng6 21. Be5
Nxe5 22. dxe5 Ne8 23. Bg4 Qb5 24. Rb1 d4 25. Be6+ Kh8 26. Nd5 d3 27. Rxe4 Rxf2
28. Nxb6 Qxb6 29. Kh1 Qxe6 30. Qe1 Qf5 31. Rd1 Rd8 32. Kg1 Rxb2 33. Re3 Rxa2
34. Rf3 Rxg2+ 35. Kxg2 Qg4+ 36. Qg3 Qxg3+ 37. hxg3 g6 38. Rdxd3 Rb8 39. Rd7 b5
40. Rf8# 1-0

[Event "debreceni Evzaro for U1800 B"]
[Site "?"]
[Date "2011.12.27"]
[Round "4.5"]
[White "Vida, Jozsef"]
[Black "Gyorffy, Peter Pal"]
[Result "1/2-1/2"]
[WhiteElo "1609"]
[BlackElo "1575"]
[PlyCount "36"]
[Az esemény dátuma "2011.12.27"]

1. e4 g6 2. d4 Bg7 3. c3 d6 4. Bc4 Nc6 5. h3 Nf6 6. Qc2 e5 7. Nf3 O-O 8. Bg5
Re8 9. O-O h6 10. Bxf6 Bxf6 11. Nbd2 exd4 12. cxd4 Nxd4 13. Nxd4 Bxd4 14. e5
Bxe5 15. Qxg6+ Kh8 16. Qxh6+ Kg8 17. Qg6+ Kh8 18. Qh6+ Kg8 1/2-1/2

[Event "debreceni Evzaro for U1800 B"]
[Site "?"]
[Date "2011.12.27"]
[Round "5.1"]
[White "Jakab, Benjamin"]
[Black "Gerda, Emil"]
[Result "1/2-1/2"]
[WhiteElo "1736"]
[BlackElo "1656"]
[PlyCount "79"]
[Az esemény dátuma "2011.12.27"]

1. d4 d5 2. Nf3 Nf6 3. c4 c6 4. Qb3 e6 5. Nc3 Bd6 6. c5 Bc7 7. Bg5 Nbd7 8. e4
h6 9. Bxf6 Nxf6 10. e5 Nd7 11. Bd3 O-O 12. Bc2 f5 13. Rb1 Rf7 14. Ne2 g5 15. g3
Nf8 16. h4 Bd7 17. hxg5 hxg5 18. Qc3 Rh7 19. Rxh7 Nxh7 20. Kf1 Qe7 21. Kg2 Qg7
22. Rh1 Bd8 23. Kf1 b5 24. a3 a5 25. b3 a4 26. b4 Be7 27. Ke1 Kf7 28. Kd1 Rh8
29. Qe1 Nf8 30. Qg1 Ng6 31. Rxh8 Qxh8 32. Qh2 Qxh2 33. Nxh2 Bf8 34. f3 Bh6 35.
Ke1 Kg7 36. Kf1 Ne7 37. Kf2 Be8 38. Nc3 Bg6 39. Ke2 f4 40. g4 1/2-1/2

[Event "debreceni Evzaro for U1800 B"]
[Site "?"]
[Date "2011.12.27"]
[Round "5.2"]
[White "Lovas, David"]
[Black "Szanto, Imre"]
[Result "0-1"]
[WhiteElo "1734"]
[BlackElo "1635"]
[PlyCount "82"]
[Az esemény dátuma "2011.12.27"]

1. e4 e6 2. d4 d5 3. exd5 exd5 4. Nf3 Bg4 5. a3 Bd6 6. Nc3 Ne7 7. Be2 O-O 8.
Ne5 Bxe2 9. Qxe2 Bxe5 10. Qxe5 Nbc6 11. Qf4 Ng6 12. Qg4 Qe7+ 13. Be3 Qe6 14.
Qd1 f5 15. O-O f4 16. Bc1 Qf5 17. f3 Rfe8 18. Ne2 Re7 19. Kh1 Rae8 20. Ng1 Re6
21. c3 Nh4 22. Bd2 Qf6 23. Qc1 Ng6 24. Nh3 Rf8 25. Re1 Rxe1+ 26. Qxe1 Qe7 27.
Qf2 Qd6 28. Re1 Na5 29. c4 Nc6 30. c5 Qf6 31. Bc3 Qf5 32. Qd2 Nh4 33. Qf2 Ng6
34. b4 b5 35. Bb2 a5 36. Qe2 axb4 37. Qxb5 bxa3 38. Ba1 Nce7 39. Qa4 Qd3 40.
Nf2 Qd2 41. Kg1 Qxe1# 0-1

[Event "debreceni Evzaro for U1800 B"]
[Site "?"]
[Date "2011.12.27"]
[Round "5.3"]
[White "Gyorffy, Peter Pal"]
[Black "Konya, Istvan"]
[Result "1-0"]
[WhiteElo "1575"]
[BlackElo "1465"]
[PlyCount "105"]
[Az esemény dátuma "2011.12.27"]

1. e4 g6 2. d4 d6 3. Nc3 Bg7 4. Nf3 a6 5. Be3 b5 6. a3 Bb7 7. Bd3 Nf6 8. h3 O-O
9. O-O Nbd7 10. Qd2 Re8 11. Bh6 Bh8 12. Rfe1 e5 13. dxe5 dxe5 14. Rad1 c5 15.
Bg5 Qc7 16. Qe3 Nb6 17. Rd2 Nfd7 18. Red1 f6 19. Bh4 Bg7 20. g4 Bc8 21. Na2 Nf8
22. b4 c4 23. Bf1 Be6 24. Rd6 Nfd7 25. Nc3 Rad8 26. Ne1 Qb7 27. Nf3 Nc8 28.
R6d2 Ne7 29. Rd6 Nc8 30. R6d2 Na7 31. Nxe5 fxe5 32. Bxd8 Rxd8 33. Nd5 Re8 34.
Bg2 Nc6 35. c3 Ne7 36. Nxe7+ Rxe7 37. Rd6 Bf8 38. Qd2 Qa7 39. Rxe6 Rxe6 40.
Qxd7 Qxd7 41. Rxd7 a5 42. bxa5 Bxa3 43. Rb7 Bb2 44. Rxb5 Bxc3 45. Bf1 Ra6 46.
Bxc4+ Kg7 47. Rb7+ Kh6 48. Bxa6 Bxa5 49. Bc4 Bc3 50. Bg8 Kg5 51. Bxh7 Kf4 52.
Bxg6 Kf3 53. Rb3 1-0

[Event "debreceni Evzaro for U1800 B"]
[Site "?"]
[Date "2011.12.27"]
[Round "5.4"]
[White "Simon, Lili"]
[Black "Szabo, Mate"]
[Result "0-1"]
[WhiteElo "1752"]
[BlackElo "1794"]
[PlyCount "118"]
[Az esemény dátuma "2011.12.27"]

1. e4 c5 2. Nf3 Nc6 3. Bb5 a6 4. Bxc6 bxc6 5. O-O e6 6. e5 Ne7 7. c4 Nf5 8. d4
Bb7 9. Nc3 d5 10. exd6 Bxd6 11. dxc5 Bxc5 12. Qb3 Rb8 13. Rd1 Nd4 14. Nxd4 Bxd4
15. Bf4 c5 16. Bxb8 Qxb8 17. Qa4+ Ke7 18. Qa3 Qf4 19. Rxd4 Qxd4 20. Na4 Rc8 21.
Qb3 Qe4 22. Qg3 Qd4 23. Qg5+ Kf8 24. Qh5 Qe4 25. Qg5 h6 26. Qg3 Kg8 27. f3 Qe2
28. b3 Qd2 29. Qf2 Qd6 30. Re1 e5 31. Kh1 f5 32. Qg3 Re8 33. Qf2 Qd4 34. Qc2 e4
35. fxe4 Rxe4 36. Rd1 Rf4 37. h3 Rf2 38. Rxd4 Rxc2 39. Rd8+ Kh7 40. Nxc5 Bxg2+
41. Kg1 Bxh3 42. Rd3 Bg4 43. a4 f4 44. Ne4 f3 45. Nf2 h5 46. Rd4 Rb2 47. Nxg4
Rg2+ 48. Kf1 hxg4 49. c5 g3 50. Rf4 Rf2+ 51. Kg1 g5 52. Rg4 Rg2+ 53. Kf1 Kg6
54. c6 Rc2 55. Rc4 Rh2 56. Ke1 f2+ 57. Ke2 Rh1 58. c7 f1=Q+ 59. Ke3 g2 0-1

[Event "debreceni Evzaro for U1800 B"]
[Site "?"]
[Date "2011.12.27"]
[Round "5.6"]
[White "Jakab, Zsolt"]
[Black "Vida, Jozsef"]
[Result "1-0"]
[WhiteElo "1743"]
[BlackElo "1609"]
[PlyCount "69"]
[Az esemény dátuma "2011.12.27"]

1. d4 g6 2. Nf3 d5 3. c4 c6 4. g3 Nf6 5. Bg2 Bg4 6. Qb3 Bxf3 7. Bxf3 Qb6 8.
Qxb6 axb6 9. cxd5 Nxd5 10. Bxd5 cxd5 11. Nc3 e6 12. Nb5 Bb4+ 13. Bd2 Bxd2+ 14.
Kxd2 Kd7 15. Rhc1 Nc6 16. Rc3 Rhc8 17. e3 g5 18. b3 Rg8 19. a4 Rg6 20. Rb1 f5
21. h4 g4 22. Rbc1 e5 23. dxe5 Rc8 24. Nd4 Nxd4 25. exd4 Rgc6 26. Kd3 Ke6 27.
b4 Kd7 28. Rxc6 bxc6 29. a5 bxa5 30. bxa5 Rb8 31. Ra1 Ra8 32. a6 Ra7 33. Ke3 h6
34. h5 Ke7 35. f3 1-0

[Event "debreceni Evzaro for U1800 B"]
[Site "?"]
[Date "2011.12.27"]
[Round "6.1"]
[White "Szanto, Imre"]
[Black "Jakab, Benjamin"]
[Result "0-1"]
[WhiteElo "1635"]
[BlackElo "1736"]
[PlyCount "66"]
[Az esemény dátuma "2011.12.27"]

1. e4 e6 2. d4 d5 3. e5 c5 4. c3 Qb6 5. Nf3 Bd7 6. Be2 Bb5 7. Be3 Nc6 8. O-O
Bxe2 9. Qxe2 cxd4 10. cxd4 Nge7 11. Nc3 Nf5 12. Rad1 Be7 13. a3 Na5 14. Qb5+
Qxb5 15. Nxb5 O-O 16. Nd2 a6 17. Nc3 b5 18. b4 Nc4 19. Nxc4 bxc4 20. Rb1 f6 21.
g4 Nxe3 22. fxe3 fxe5 23. dxe5 a5 24. Rxf8+ Kxf8 25. bxa5 Rxa5 26. a4 Bc5 27.
Rf1+ Ke7 28. Rf3 Bb4 29. Na2 Rxa4 30. Nxb4 Rxb4 31. Rf1 c3 32. h3 c2 33. Kf2
Rb1 0-1

[Event "debreceni Evzaro for U1800 B"]
[Site "?"]
[Date "2011.12.27"]
[Round "6.2"]
[White "Gerda, Emil"]
[Black "Gyorffy, Peter Pal"]
[Result "1-0"]
[WhiteElo "1656"]
[BlackElo "1575"]
[PlyCount "71"]
[Az esemény dátuma "2011.12.27"]

1. d4 g6 2. e4 Bg7 3. f4 c5 4. d5 d6 5. Nf3 Bg4 6. c3 a6 7. Be2 Nd7 8. O-O b5
9. Nbd2 Ngf6 10. h3 Bxf3 11. Bxf3 h5 12. Qe2 Rb8 13. Rd1 Qb6 14. Nf1 c4+ 15.
Be3 Qc7 16. Bd4 O-O 17. Nd2 Nc5 18. e5 Nfd7 19. e6 fxe6 20. dxe6 Nf6 21. g3 d5
22. Bxf6 Bxf6 23. Bxd5 Nd3 24. Ne4 Nxb2 25. Nxf6+ Rxf6 26. Qxb2 Rd8 27. Qg2 Rf5
28. Be4 Rf6 29. Bd5 Rf5 30. Bf3 Rf6 31. Rxd8+ Qxd8 32. Rd1 Qb6+ 33. Qf2 Qa5 34.
Qd2 Qb6+ 35. Qd4 Qxd4+ 36. Rxd4 1-0

[Event "debreceni Evzaro for U1800 B"]
[Site "?"]
[Date "2011.12.27"]
[Round "6.3"]
[White "Szabo, Mate"]
[Black "Jakab, Zsolt"]
[Result "1/2-1/2"]
[WhiteElo "1794"]
[BlackElo "1743"]
[PlyCount "33"]
[Az esemény dátuma "2011.12.27"]

1. d4 d5 2. c4 e6 3. Nc3 Nf6 4. Bg5 Be7 5. e3 O-O 6. Nf3 Nbd7 7. cxd5 exd5 8.
Bd3 c6 9. O-O Re8 10. Ne5 Nxe5 11. dxe5 Ng4 12. Bf4 Bg5 13. h3 Nh6 14. Qh5 Bxf4
15. exf4 Qb6 16. Qe2 Bf5 17. Rad1 1/2-1/2

[Event "debreceni Evzaro for U1800 B"]
[Site "?"]
[Date "2011.12.27"]
[Round "6.4"]
[White "Konya, Istvan"]
[Black "Barla, Janos"]
[Result "0-1"]
[WhiteElo "1465"]
[BlackElo "1772"]
[PlyCount "99"]
[Az esemény dátuma "2011.12.27"]

1. e4 d6 2. Bc4 e6 3. Nc3 Nf6 4. h3 Be7 5. d4 c6 6. a4 a6 7. Be3 Nbd7 8. Nf3 b6
9. e5 Nd5 10. Nxd5 cxd5 11. Bb3 Bb7 12. c3 dxe5 13. dxe5 Nc5 14. Bc2 h6 15. b4
Nd7 16. Bd4 Qc7 17. Qd2 Nb8 18. O-O Nc6 19. Rfc1 Rc8 20. Bd3 Qd8 21. b5 axb5
22. Bxb5 O-O 23. Qe3 Nxd4 24. Nxd4 Bc5 25. Rd1 Qe7 26. Qg3 f5 27. Nb3 f4 28.
Qg6 Qf7 29. Bd3 Qxg6 30. Bxg6 Rc7 31. a5 bxa5 32. Nxa5 Bc8 33. Nb3 Bb6 34. Rd3
Bd7 35. Nd4 Rfc8 36. Ra6 Bxd4 37. cxd4 Bb5 38. Rxe6 Bxd3 39. Bxd3 Rc6 40. Bf5
Rc1+ 41. Kh2 Rd8 42. Rd6 Rxd6 43. e6 Kf8 44. Bg4 Rc4 45. h4 Ke7 46. Kh3 Rxd4
47. Bf3 Rd3 48. Kg4 Rxf3 49. gxf3 d4 50. Kxf4 0-1

[Event "debreceni Evzaro for U1800 B"]
[Site "?"]
[Date "2011.12.27"]
[Round "6.6"]
[White "Vida, Jozsef"]
[Black "Simon, Lili"]
[Result "1/2-1/2"]
[WhiteElo "1609"]
[BlackElo "1752"]
[PlyCount "55"]
[Az esemény dátuma "2011.12.27"]

1. e4 e5 2. Nf3 Nc6 3. Bb5 a6 4. Ba4 Nf6 5. O-O b5 6. Bb3 Be7 7. Nc3 O-O 8. d3
Bb7 9. Bg5 Rb8 10. Bxf6 Bxf6 11. Nd5 d6 12. a3 Na5 13. Ba2 Bxd5 14. Bxd5 c6 15.
Ba2 d5 16. Qe2 Re8 17. Rad1 Qd7 18. b4 Nb7 19. c4 bxc4 20. dxc4 d4 21. c5 a5
22. Qc4 axb4 23. axb4 Nd8 24. Ne1 Ne6 25. Nd3 Qc7 26. g3 Ng5 27. f3 Rb7 28. Kg2
1/2-1/2